000
00188 a2200097 4500
020
_a
0801064910
041
_a
eng
100
_a
John Ortberg
245
_a
Coping with Depression
942
_c
K
999
_c
26886
_d
26886